Privacy and Civil Liberties Oversight Board : Congressional Refinements.

Reviews implementation of Privacy and Civil Liberties Oversight Board recommended by the National Commission on Terrorist Attacks Upon the U.S. Examines proposed refinements to Board mandate and mission in the 110th Congress.

Bibliographic Details
Corporate Authors: Library of Congress. Congressional Research Service, ProQuest (Firm)
Format: eBook
Language:English
Published: [Place of publication not identified] : [publisher not identified], 2007.
Series:U.S. Congressional Research.
Subjects:
Online Access:Connect to the full text of this electronic book

MARC

Tag First Indicator Second Indicator Subfields
LEADER 00000cam a22000001a 4500
001 in00003416639
006 m d f
007 cr bn mmmapmmp
008 101214s2007 dcu o f000 0 eng d
005 20260429205009.7
035 |a cis2007861352 
040 |a ProQuest  |c ProQuest  |d UtOrBLW 
043 |a n-us--- 
099 |a CRS-2007-GVF-0710 
110 2 |a Library of Congress.  |b Congressional Research Service. 
245 1 0 |a Privacy and Civil Liberties Oversight Board :  |b Congressional Refinements. 
264 1 |a [Place of publication not identified] :  |b [publisher not identified],  |c 2007. 
300 |a 1 online resource. 
336 |a text  |b txt  |2 rdacontent 
337 |a computer  |b c  |2 rdamedia 
338 |a online resource  |b cr  |2 rdacarrier 
500 |a Record is based on bibliographic data in ProQuest U.S. Congressional Research Digital Collection (last viewed Dec. 2010). Reuse except for individual research requires license from ProQuest, LLC. 
500 |a CRS Report. 
520 |a Reviews implementation of Privacy and Civil Liberties Oversight Board recommended by the National Commission on Terrorist Attacks Upon the U.S. Examines proposed refinements to Board mandate and mission in the 110th Congress. 
500 |a Electronic resource. 
650 0 |a Civil rights. 
650 0 |a Administrative agencies  |x Reorganization. 
650 0 |a Privacy, Right of. 
655 7 |a Electronic books.  |2 local 
710 2 |a ProQuest (Firm) 
776 0 8 |i Microfiche version:   |a Library of Congress. Congressional Research Service.  |t Privacy and Civil Liberties Oversight Board 
830 0 |a U.S. Congressional Research. 
856 4 0 |u http://proxy.library.tamu.edu/login?url=https://congressional.proquest.com/congcomp/getdoc?CRDC-ID=CRS-2007-GVF-0710  |z Connect to the full text of this electronic book  |t 0 
999 |a MARS 
999 f f |s 8496ec4d-5623-3476-b8de-8027ce7d1fea  |i 4ae2837f-6c9f-3bb9-bb90-0e23023934a8  |t 0 
952 f f |a Texas A&M University  |b College Station  |c Electronic Resources  |s www_evans  |d Available Online  |t 0  |e CRS-2007-GVF-0710  |h Other scheme 
998 f f |a CRS-2007-GVF-0710  |t 0  |l Available Online